000 00523nam a2200181Ia 4500
005 20250923144503.0
008 008 250917s9999 xx 000 0 eng d
037 _aTextual
040 _aDSWL
_beng
_cDSWL
041 _aeng
_2eng
084 _qDSWL
100 _aGokhale, Shankuntala
_9825396
245 0 _aSocio economic survey of the fifty state workers in walchinagar ,sugar industry
_cby Shankuntala Gokhale
260 _c1954
300 _aii,64p.
942 _cTEXL
999 _c1439504
_d1439504